000
00339 a2200157 4500
001
57205
020
_a
8516035328
040
_c
Anchieta - Pituba
100
_a
Pellegrini Junior, Domingos
240
1
0
_a
Água luminosa
_l
por
245
1
0
_a
Água luminosa
300
_a
80
362
0
_a
2003
650
4
_a
Literatura juvenil
942
_c
BK
999
_c
57205
_d
57205